000 00513nmm a2200169Ia 4500
008 251105s9999||||xx |||||||||||||||||und||
020 _a9788476589076
041 _aspa
100 _aOncina Coves, Faustino
245 0 _aHistoria conceptual, Ilustración y Modernidad
264 _a[Madrid, España] :
_bAnthropos,
_c2009
300 _a256 páginas
490 _aAutores, textos y temas. Filosofía
650 _aPhilosophy, Ethics
856 _uhttps://public.digitaliapublishing.com/a/15689
942 _cCF
999 _c85226
_d85226